| 000 | 00377 a2200157 4500 | ||
|---|---|---|---|
| 001 | 186699 | ||
| 020 | _a978-85-909721-0-5 | ||
| 040 | _cMagnum | ||
| 100 | _aPorto, Maria Laura Braulia de Carvalho | ||
| 240 | 1 | 0 |
_aZuzu, a abelhinha distraĆda _lpor |
| 245 | 1 | 0 | _aZuzu, a abelhinha distraĆda |
| 300 | _a19 | ||
| 362 | 0 | _a2009 | |
| 697 | _aLITERATURA INFANTO | ||
| 942 | _cBK | ||
| 999 |
_c186699 _d186699 |
||